000 01352nam a2200265 a 4500
001 ASIN0415571413
005 20170105102856.0
008 130905s2010 xxu eng d
020 _a0415571413 (hardcover)
_c$120.00
020 _a9780415571418 (hardcover)
040 _a0
082 0 4 _a355.033054
245 1 0 _aIndia's national security :
_bannual review 2009 /
_ceditor-in- chief Satish Kumar.
250 _a1st ed.
260 _a[S.l.] :
_bRoutledge India,
_c2010.
300 _a490 p. ;
_c23 cm.
520 _aEach year, this annual gives readers an in-depth and up-to-date account of India’s external and internal threats in a deteriorating global security environment. It shows that while partnerships with some countries have strengthened, anxieties persist with others such as China and Pakistan. Similarly, India has not been able to cope with the challenges of internal security emerging from violence in Kashmir, insurgency in the northeast, to mention a few. A unique series with contributions from academics, political commentators and military personnel.
650 0 _aIndia
650 0 _aInternal security
650 0 _aInternational relations
650 0 _aNational security
700 1 _aKumar, Satish.
856 4 0 _3Amazon.com
_uhttp://www.amazon.com/exec/obidos/ASIN/0415571413/chopaconline-20
942 _2ddc
_cBK
999 _c14496
_d14496